| 000 | 00424 a2200169 4500 | ||
|---|---|---|---|
| 001 | 75503 | ||
| 005 | 20260220114021.0 | ||
| 010 | _a978-972-0-71617-0 | ||
| 090 | _a75503 | ||
| 100 | _a20260220d2024 c||y0pory50 ba | ||
| 200 |
_aEspreita os animais _gadap. Helena Santos |
||
| 205 | _a1®ed | ||
| 210 |
_aPorto _cPorto Editora _d2024 |
||
| 215 | _a12p. | ||
| 675 |
_a82 _v1®ed |
||
| 702 |
_aSantos _bHelena Leonor _4010 _941178 |
||
| 942 |
_cMON _n0 |
||